书目信息 |
| 题名: |
建设工程招投标与合同管理
|
|
| 作者: | 庞业涛 , 文真 主编 | |
| 分册: | ||
| 出版信息: | 成都 西南交通大学出版社 2020.03 |
|
| 页数: | 312页 | |
| 开本: | 26cm | |
| 丛书名: | ||
| 单 册: | ||
| 中图分类: | TU723.2 , TU723.1 | |
| 科图分类: | ||
| 主题词: | 建筑工程--jian zhu gong cheng--招标 , 建筑工程--jian zhu gong cheng--投标 , 建筑工程--jian zhu gong cheng--经济合同--管理 | |
| 电子资源: | ||
| ISBN: | 978-7-5643-7372-6 | |
| 000 | 01108nam0 2200289 450 | |
| 001 | 202021194054 | |
| 005 | 20211025120142.0 | |
| 010 | @a978-7-5643-7372-6@dCNY49.80 | |
| 100 | @a20211002d2020 em y0chiy50 ea | |
| 101 | 0 | @achi |
| 102 | @aCN@b510000 | |
| 105 | @aa a 000yy | |
| 106 | @ar | |
| 200 | 1 | @a建设工程招投标与合同管理@Ajian she gong cheng zhao tou biao yu he tong guan li@f主编庞业涛, 文真 |
| 210 | @a成都@c西南交通大学出版社@d2020.03 | |
| 215 | @a312页@c图@d26cm | |
| 320 | @a有书目 | |
| 330 | @a本书分为十个项目, 主要包括: 建筑市场, 建设工程项目招标, 建设工程项目投标, 建设工程项目开标、评标与定标, 电子招投标与BIM招投标, 装配式建筑招投标, 建设工程施工合同以及合同管理、合同索赔管理, 国际工程招投标与国际工程合同条件。 | |
| 606 | 0 | @a建筑工程@Ajian zhu gong cheng@x招标 |
| 606 | 0 | @a建筑工程@Ajian zhu gong cheng@x投标 |
| 606 | 0 | @a建筑工程@Ajian zhu gong cheng@x经济合同@x管理 |
| 690 | @aTU723.2@v5 | |
| 690 | @aTU723.1@v5 | |
| 701 | 0 | @a庞业涛@Apang ye tao@4主编 |
| 701 | 0 | @a文真@Awen zhen@4主编 |
| 801 | 0 | @aCN@c20210909 |
| 905 | @a河南城建学院图书馆@dTU723.2@eP346 | |
| 建设工程招投标与合同管理/主编庞业涛, 文真.-成都:西南交通大学出版社,2020.03 |
| 312页:图;26cm |
| ISBN 978-7-5643-7372-6:CNY49.80 |
| 本书分为十个项目, 主要包括: 建筑市场, 建设工程项目招标, 建设工程项目投标, 建设工程项目开标、评标与定标, 电子招投标与BIM招投标, 装配式建筑招投标, 建设工程施工合同以及合同管理、合同索赔管理, 国际工程招投标与国际工程合同条件。 |
| ● |
| 相关链接 |
|
|
|
正题名:建设工程招投标与合同管理
索取号:TU723.2/P346
 
预约/预借
| 序号 | 登录号 | 条形码 | 馆藏地/架位号 | 状态 | 备注 |
| 1 | 1543302 | 215433029 | 建筑库201/201建筑库 33排1列5层/ [索取号:TU723.2/P346] | 在馆 | |
| 2 | 1543303 | 215433038 | 建筑库201/201建筑库 33排1列5层/ [索取号:TU723.2/P346] | 在馆 |